Statistiques concernant Tout les pays qui ont participé à l'euro

Cliquez ici pour prendre le quiz!

Statistiques générales

  • Ce quiz a été pris 205 fois
  • Le résultat moyen est 31 sur 37

Statistiques - réponses

Nmb de participationPaysMeilleur score% Correct
10FranceGagnant
100%
11EspagneGagnant
99%
10ItalieGagnant
99%
8PortugalGagnant
99%
13AllemagneGagnant
98%
10AngleterreFinaliste
96%
3Irlande1/8 de finale
95%
5Suisse1/4 de finale
94%
6BelgiqueFinaliste
93%
4GrèceGagnant
93%
6Russiedemi-finale
92%
7Suèdedemi-finale
92%
6Croatie1/4 de finale
91%
1NorvègePhase de groupe
91%
10Pays-BasGagnant
90%
9DanemarkGagnant
89%
1FinlandePhase de groupe
89%
4Hongrie3° place
85%
4Pologne1/4 de finale
84%
5Roumanie1/4 de finale
83%
2Slovaquie1/8 de finale
83%
1SlovéniePhase de groupe
83%
3Ukraine1/4 de finale
83%
3AutrichePhase de groupe
82%
1Islande1/4 de finale
82%
7République Tchèquedemi-finale
82%
3EcossePhase de groupe
80%
2BulgariePhase de groupe
78%
5Turquiedemi-finale
78%
1AlbaniePhase de groupe
75%
2Pays de Gallesdemi-finale
73%
1LettoniePhase de groupe
69%
5YougoslavieFinaliste
67%
6URSSGagnant
64%
1Macédoine du NordPhase de groupe
60%
1Irlande du Nord1/8 de finale
56%
3TchécoslovaquieGagnant
51%

Distribution des résultats

Percentile par nombre de réponses

% des personnes avec chaque résultat

Votre développement - résultats

Vous n’avez pas pris ce quiz